Every 21 Savage Song on the Billboard Hot 100 - Statistics

General Stats
  • This quiz has been taken 324 times
    182 since last reset
  • The average score is 13 of 51
Answer Stats
# Year Song % Correct
12 2019 A Lot
82%
12 2017 Bank Account
82%
9 2020 Runnin (Metro Boomin)
74%
19 2020 Glock In My Lap (Metro Boomin)
64%
36 2016 X (Metro Boomin) ft. Future
55%
43 2017 No Heart (Metro Boomin)
49%
10 2020 Mr. Right Now (Metro Boomin) ft. Drake
48%
1 2017 Rockstar (Post Malone)
45%
26 2020 Rich Nigga Shit ft. (Metro Boomin) ft. Young Thug
42%
33 2020 Many Men (Metro Boomin)
37%
58 2019 Can't Leave Without It
36%
32 2020 Slidin (Metro Boomin)
35%
35 2017 Ghostface Killers (Offset & Metro Boomin) ft. Travis Scott
33%
42 2018 10 Freaky Girls (Metro Boomin)
29%
76 2020 RIP Luv (Metro Boomin)
29%
61 2020 Snitches & Rats (Metro Boomin) ft. Young Nudy
28%
55 2019 Immortal
26%
64 2017 Rap Saved Me (Offset & Metro Boomin) ft. Quavo
25%
86 2019 1.5
23%
95 2019 ASMR
23%
57 2020 Brand New Draco (Metro Boomin)
23%
38 2018 Don't Come Out The House (Metro Boomin)
23%
56 2020 My Dawg (Metro Boomin)
23%
74 2017 Red Opps
23%
88 2019 Out For The Night
22%
70 2019 Break Da Law
21%
73 2017 My Choppa Hate Niggas (Metro Boomin)
21%
67 2019 All My Friends
19%
73 2019 Monster
19%
71 2020 No Opp Left Behind (Metro Boomin)
19%
91 2020 Said N Done (Metro Boomin)
18%
28 2016 Sneakin' (Drake)
17%
93 2019 Gun Smoke
16%
99 2017 Mad Stalkers (Offset & Metro Boomin)
15%
74 2020 Steppin On Niggas (Metro Boomin)
15%
79 2018 No More (Metro Boomin) ft. Travis Scott & Kodak Black
13%
14 2018 Bartier Cardi (Cardi B)
11%
94 2017 Famous
11%
48 2018 BBO (Bad Bitches Only) (Migos)
10%
49 2019 Legacy (Offset) ft. Travis Scott
9%
19 2019 Wish Wish (DJ Khaled) ft. Cardi B
9%
26 2020 Yessirskiii (Lil Uzi Vert)
9%
78 2021 Opp Stoppa (YBN Nahmir)
8%
70 2016 Offended (Meek Mill) ft. Young Thug
6%
75 2018 Krippy Kush (Farruko, Nicki Minaj, Bad Bunny & Rvssian)
4%
61 2018 Pass Out (Quavo)
4%
78 2018 Pay You Back (Meek Mill)
4%
84 2017 Undefeated (A Boogie Wit da Hoodie)
4%
81 2021 Box Of Churches (Pooh Shiesty)
3%
67 2019 Floating (ScHoolboy Q)
3%
80 2017 Pull Up N Wreck (Big Sean & Metro Boomin)
3%
No matching quizzes found
Score Distribution
Percent of People with Each Score
Percentile by Number Answered
Your Score History
You have not taken this quiz since the last reset